|
|
|
|
| LEADER |
00000nas a2200000 a 4500 |
| 001 |
vtls009085378 |
| 003 |
SK-MaSNL |
| 005 |
20260221113444.0 |
| 008 |
070806cuuuu9999xo ar 0 b0slo |
| 020 |
|
|
|a 8022320862 (brož. : r. 2005/2006)
|
| 020 |
|
|
|a 8022322172 (brož. : r. 2006/2007)
|
| 040 |
|
|
|a SNK
|b slo
|c SNK
|e AACR2
|
| 041 |
0 |
|
|a slo
|
| 044 |
|
|
|a xo
|c SK
|
| 110 |
2 |
|
|a Univerzita Komenského v Bratislave.
|b Filozofická fakulta
|
| 245 |
0 |
0 |
|a Ročenka FiF UK
|b akademický rok...: 2. časť- študijné programy
|c Univerzita Komenského v Bratislave, Filozofická fakulta
|
| 260 |
|
|
|a Bratislava
|b Univerzita Komenského
|
| 300 |
|
|
|a zv.
|c 21 cm
|
| 310 |
|
|
|a 1x ročne
|
| 500 |
|
|
|a Súčasťou podnázvu je označenie akademického roku
|
| 910 |
|
|
|a snk
|
| 910 |
|
|
|a svkpo
|
| 999 |
|
|
|c 2080
|d 4010
|
| 952 |
|
|
|0 0
|1 0
|4 0
|7 1
|8 0
|a SNK
|b SNK
|d 2007-08-06
|i snk2007/18382
|l 0
|o snkČSD 2421/A/2005-2006
|p 17A0556121
|r 2026-02-21 20:48:59
|w 2026-02-21
|y NEVYP
|
| 952 |
|
|
|0 0
|1 0
|4 0
|7 0
|8 0
|a SNK
|b SNK
|d 2007-08-06
|i snk2007/18383
|l 0
|o snkČSD 2421/A/2005-2006 D1
|p 17A0556122
|r 2026-02-21 20:48:59
|w 2026-02-21
|y PREZ
|